000 00708nam a2200241 i 4500
001 000046285
003 DO-SdBNP
005 20230523092636.0
007 ta
008 110303s2022 dr 000 0 spa d
020 _a9789945936711
040 _aDO-SdBNP
_bspa
_cBNPHU
_erda
082 _bC352h
_222
245 1 0 _aLa humanidad en su barril :
_bartículos sobre ciencia, literatura y postmodernidad /
_cMaria Castillo
264 _aSanto Domingo :
_bRio de Oro,
_c2022.
300 _a66 paginas. ;
_c24 cm.
336 _2rdacontent
_atexto
_btxt
337 _2rdamedia
_asin mediación
_bn
338 _2rdacarrier
_avolumen
_bnc
590 _ainventariado, 2023 / DG
910 _aDG
942 _2ddc
_cLBS1
999 _c53587
_d53587